000 00330pab a2200145 454500
008 180718b1988 xxu||||| |||| 00| 0 eng d
100 _aKuchta, William J.
245 _aOptions in career paths
260 _c1988
300 _a28-32
362 _aDec.
650 _aCareer Service
773 _aPersonnel Journal
909 _a5151
999 _c5151
_d5151